Berek & Novak's Gynecology Essentials (Record no. 1864)

MARC details
000 -LEADER
Fixed length control field 00600nam a2200217Ia 4500
003 - CONTROL NUMBER IDENTIFIER
Control field IIN
005 - DATE AND TIME OF LATEST TRANSACTION
Control field 20250722120147.0
008 - FIXED-LENGTH DATA ELEMENTS--GENERAL INFORMATION
Fixed length control field 250722s2021 xx adc 001 0 eng d
020 ## - INTERNATIONAL STANDARD BOOK NUMBER / ISBN
International Standard Book Number 9789389859676
Price Rs.1699.00
040 ## - CATALOGING SOURCE
Original cataloging agency IIN
Language of cataloging English
082 ## - DEWEY DECIMAL CLASSIFICATION NUMBER
Classification number 618.1
Book Number BER
100 1# - MAIN ENTRY--PERSONAL NAME
Personal name Berek, Jonathan S
245 1# - TITLE STATEMENT
Title Berek & Novak's Gynecology Essentials
Statement of responsibility Jonathan S. Berek
250 ## - EDITION STATEMENT
Edition statement SAE ed
260 ## - IMPRINT
Name of publisher Wolters Kluwer
Place of publication Philadelphia
Date of publication 2021
300 ## - PHYSICAL DESCRIPTION
Page / Vol. No xix, 809p.
Other physical details col. ill.
500 ## - GENERAL NOTE
General note Includes Index
650 1# - SUBJECT ADDED ENTRY--TOPICAL TERM
Topical term Gynecology
Form subdivision Nursing
700 1# - ADDED ENTRY--PERSONAL NAME
Personal name Berek, Jonathan S.
942 ## - ADDED ENTRY ELEMENTS (KOHA)
Koha item type Books
Holdings
Withdrawn status Lost status Source of classification Damaged status Not for loan Collection code Home library Current library Shelving location Date acquired Price Total Checkouts Call number Accession number Date last seen Price effective from Koha item type
    Dewey Decimal Classification     Purches Book IDEAL INSTITUTE OF NURSING IDEAL INSTITUTE OF NURSING General Stacks 21/04/2025 1699.00   618.1 BER 2113 22/07/2025 22/07/2025 Books
© Ideal Institute Of Nursing, All rights reserved.         Powered by Koha